00417nam a2200145Ia 4500008004100000082000800041082000800049245004000057245002500097260002500122300000900147942000800156999001900164952008800183231017s9999 xx 000 0 und d a388 bAAS 0aTransportation invest in our future 0cAmerican Association bAmerican Association c30cm cREP c605425d605425 00104070aNITbNITd2023-10-17l0o388 AASpNIT-3134r2023-10-17w2023-10-17yREP